01139 a2200193 45000010006000000050017000060080041000230030015000640400040000790800058001192450071001770200018002482640052002663000023003185050551003410410008008921000020009007000025009205406120260407155811.0260407a1974 arg spa dAR-UNSa-BCEJYS aAR-UNSa-BCEJYSbspacAR-UNSa-BCEJYS a519.86xTeoría de modelos económico-matemáticos10aIntroducción a las matemáticas de los negocios y la economía a0-13-487413-7 1aNew Jersey :bPrentice/Hall Internacionalc1974 axv, 581 p.c23 cm. a1. Modelos matemáticos - 2. Números y numeración - 3. Funciones - 4. Funciones lineal y cuadrática - 5. Funciones exponencial y logarítmica - 6. Funciones periódicas - 7. Sistemas de ecuaciones lineales y desigualdades - 8. Programación lineal - 9. Algebra matricial - 10. El mútodo símplex - 11. Sucesiones y límites - 12. Cálculo diferencial - 13. Calculo diferencial:Aplicaciones - 14. Cálculo integral - 15. Posibilidades y probabilidades - 16. Probabilidades - 17. Esperanzas, decisiones y juegos - 18. Simulación aspa1 aFreund, John E.1 aPomareda, Rolando J.